书目信息 |
| 题名: |
高等传热学
|
|
| 作者: | 张靖周 编著 | |
| 分册: | ||
| 出版信息: | 北京 科学出版社 2015.02 |
|
| 页数: | 348页 | |
| 开本: | 26cm | |
| 丛书名: | 南京航空航天大学研究生系列精品教材 | |
| 单 册: | ||
| 中图分类: | TK124 | |
| 科图分类: | ||
| 主题词: | 传热学--chuan re xue--研究生--教材 | |
| 电子资源: | ||
| ISBN: | 978-7-03-043343-5 | |
| 000 | 01178nam 2200289 450 | |
| 001 | CAL 0120151529961 | |
| 005 | 20150803154356.56 | |
| 010 | @a978-7-03-043343-5@dCNY66.00 | |
| 100 | @a20150326d2015 em y0chiy50 ea | |
| 101 | 0 | @achi |
| 102 | @aCN@b110000 | |
| 105 | @aak a 000yy | |
| 106 | @ar | |
| 200 | 1 | @a高等传热学@Agao deng chuan re xue@f张靖周编著 |
| 205 | @a第2版 | |
| 210 | @a北京@c科学出版社@d2015.02 | |
| 215 | @a348页@c图@d26cm | |
| 225 | 2 | @a南京航空航天大学研究生系列精品教材@Anan jing hang kong hang tian da xue yan jiu sheng xi lie jing pin jiao cai |
| 320 | @a有书目 | |
| 330 | @a本书共12章。主要介绍导热的理论基础、导热问题的精确分析解、导热问题的近似分析解、对流换热的基本方程、层流对流换热、湍流对流换热、对流换热的实验研究、热辐射的理论基础和介质热辐射等基本内容, 以及对流换热强化技术、高温燃气与涡轮叶片的换热、航空发动机热端部件典型强化冷却方式和红外抑制器技术等4个专题。 | |
| 410 | 0 | @12001 @a南京航空航天大学研究生系列精品教材 |
| 586 | @a | |
| 606 | 0 | @a传热学@Achuan re xue@x研究生@j教材 |
| 690 | @aTK124@v5 | |
| 701 | 0 | @a张靖周@Azhang jing zhou@4编著 |
| 801 | 0 | @aCN@c20150820 |
| 905 | @a河南城建学院图书馆@dTK124@eZ1201@f3 | |
| 高等传热学/张靖周编著.-第2版.-北京:科学出版社,2015.02 |
| 348页:图;26cm.-(南京航空航天大学研究生系列精品教材) |
| ISBN 978-7-03-043343-5:CNY66.00 |
| 本书共12章。主要介绍导热的理论基础、导热问题的精确分析解、导热问题的近似分析解、对流换热的基本方程、层流对流换热、湍流对流换热、对流换热的实验研究、热辐射的理论基础和介质热辐射等基本内容, 以及对流换热强化技术、高温燃气与涡轮叶片的换热、航空发动机热端部件典型强化冷却方式和红外抑制器技术等4个专题。 |
| ● |
| 相关链接 |
|
|
|
正题名:高等传热学
索取号:TK124/Z1201
 
预约/预借
| 序号 | 登录号 | 条形码 | 馆藏地/架位号 | 状态 | 备注 |
| 1 | 1161764 | 211617641 | 自科库501/501自科库 136排2列4层/ [索取号:TK124/Z1201] | 在馆 | |
| 2 | 1161765 | 211617650 | 自科库501/501自科库 136排2列4层/ [索取号:TK124/Z1201] | 在馆 | |
| 3 | 1161766 | 211617669 | 期刊室512/501自科库 136排2列3层/ [索取号:TK124/Z1201] | 在馆 |